Public finance (Record no. 161449)
[ view plain ]
| 000 -LEADER | |
|---|---|
| fixed length control field | 00587nam a2200241Ia 4500 |
| 003 - CONTROL NUMBER IDENTIFIER | |
| control field | OSt |
| 005 - DATE AND TIME OF LATEST TRANSACTION | |
| control field | 20230609150354.0 |
| 008 - FIXED-LENGTH DATA ELEMENTS--GENERAL INFORMATION | |
| fixed length control field | 210423s2012 xx 000 0 und d |
| 020 ## - INTERNATIONAL STANDARD BOOK NUMBER | |
| International Standard Book Number | 9781259029103 |
| 040 ## - CATALOGING SOURCE | |
| Transcribing agency | AL |
| 041 ## - LANGUAGE CODE | |
| Language code of text/sound track or separate title | eng |
| 082 ## - DEWEY DECIMAL CLASSIFICATION NUMBER | |
| Classification number | 336 |
| Edition number | 23 |
| Item number | ROSH |
| 100 ## - MAIN ENTRY--PERSONAL NAME | |
| Personal name | ROSEN (Harvey S);GAYER (Ted) |
| 9 (RLIN) | 95942 |
| 245 ## - TITLE STATEMENT | |
| Title | Public finance |
| 250 ## - EDITION STATEMENT | |
| Edition statement | 8 |
| 260 ## - PUBLICATION, DISTRIBUTION, ETC. | |
| Place of publication, distribution, etc. | New York |
| Name of publisher, distributor, etc. | Tata McGraw-hill |
| Date of publication, distribution, etc. | 2012 |
| 300 ## - PHYSICAL DESCRIPTION | |
| Extent | xxvi,596 |
| Other physical details | PB |
| 365 ## - TRADE PRICE | |
| Price amount | 615 |
| Currency code | INR |
| 650 ## - SUBJECT ADDED ENTRY--TOPICAL TERM | |
| Topical term or geographic name entry element | Economics |
| 9 (RLIN) | 95943 |
| 650 ## - SUBJECT ADDED ENTRY--TOPICAL TERM | |
| Topical term or geographic name entry element | Public Finance |
| 9 (RLIN) | 95944 |
| 906 ## - LOCAL DATA ELEMENT F, LDF (RLIN) | |
| a | finance ; Public |
| 942 ## - ADDED ENTRY ELEMENTS (KOHA) | |
| Source of classification or shelving scheme | Dewey Decimal Classification |
| Koha item type | Book |
| Withdrawn status | Lost status | Damaged status | Not for loan | Collection code | Home library | Current library | Date acquired | Source of acquisition | Cost, normal purchase price | Total Checkouts | Full call number | Barcode | Date last seen | Date last checked out | Price effective from | Koha item type |
|---|---|---|---|---|---|---|---|---|---|---|---|---|---|---|---|---|
| Economics | St Aloysius PG Library | St Aloysius PG Library | 08/21/2013 | Athulya Books | 615.00 | 2 | 336 ROSH | PG007941 | 12/13/2025 | 12/13/2025 | 04/26/2021 | Book | ||||
| Economics | St Aloysius PG Library | St Aloysius PG Library | 08/21/2013 | Athulya Books | 615.00 | 336 ROSH | PG007942 | 08/24/2022 | 04/26/2021 | Book | ||||||
| Economics | St Aloysius PG Library | St Aloysius PG Library | 01/20/2014 | Athulya Books | 599.00 | 1 | 336 ROSP | PG011860 | 08/24/2022 | 03/17/2022 | 04/26/2021 | Book |